| 000 | 00820nam a2200229 a 4500 | ||
|---|---|---|---|
| 003 | CBULib | ||
| 005 | 20240509150116.0 | ||
| 008 | 081112s2007 ||||||||||||||||| || u | ||
| 040 |
_aCBULib _bEnglish _cCBULib _dCBULib _erda |
||
| 050 | _aUN-ECE(02)2007/19 | ||
| 110 | _aUnited Nations Economic and Social Affairs (UNESA) | ||
| 245 | 1 | 0 |
_aCountry profiles on the housing sector: Georgia _cUnited Nations Economic and Commission for Europe (UNECE) |
| 260 |
_aNew York _bUNITED NATIONS _c2007 |
||
| 300 | _axi, 56p. :illustrations | ||
| 336 |
_2rdacontent _aText | |
||
| 337 |
_2rdamedia _aUnmediated | _bc |
||
| 338 |
_2rdacarrier _aVolume _bnc |
||
| 650 | _aHOUSING POLICY--GEORGIA | ||
| 650 | _aHOUSING--GEORGIA | ||
| 942 |
_2mc _c029 |
||
| 999 |
_c39064 _d39064 |
||